Word Scramble - Christmas - Statistics

General Stats
  • This quiz has been taken 35,816 times
    35,783 since last reset
  • The average score is 11 of 20
Answer Stats
Scramble Word % Correct
llohy Holly
93%
ftgi Gift
92%
yermr Merry
92%
goegng Eggnog
86%
ainvttiy Nativity
78%
sletetoim Mistletoe
73%
njlgie Jingle
71%
edrinere Reindeer
69%
glhsie Sleigh
55%
thebmleeh Bethlehem
52%
gnstcoik Stocking
49%
vtdnea Advent
48%
hniyecm Chimney
45%
ccliei Icicle
45%
nmgrae Manger
42%
letieduy Yuletide
38%
nkarsnencfie Frankincense
31%
cngroali Caroling
23%
nipetotsai Poinsettia
17%
cfreaelip Fireplace
13%
No matching quizzes found
Score Distribution
Percent of People with Each Score
Percentile by Number Answered
Your Score History
You have not taken this quiz since the last reset